Т. 2; Теория случайных процессов

Bibliografiske detaljer
Parent link:Теория случайных процессов: В 3 т./ И. И. Гихман, А. В. Скороход. Т. 2.— , 1971-1975
Sprog:russisk
Udgivet: 1973
Fag:
Format: Bog
KOHA link:https://koha.lib.tpu.ru/cgi-bin/koha/opac-detail.pl?biblionumber=39848

MARC

LEADER 00000nam2a2200000 4500
001 39848
005 20231031011815.0
035 |a (RuTPU)RU\TPU\book\40725 
090 |a 39848 
100 |a 20020415d1973 k y0rusy50 ca 
101 0 |a rus 
102 |a RU 
105 |a y z 001zy 
200 0 |a Т. 2 
210 |d 1973 
215 |a 639 с. 
320 |a Библиогр.: с. 632-636. 
320 |a Предм. указ.: с. 637-639. 
461 1 |0 (RuTPU)RU\TPU\book\40719  |t Теория случайных процессов  |o В 3 т.  |f И. И. Гихман, А. В. Скороход  |v Т. 2  |d 1971-1975  |s Теория вероятностей и математическая статистика 
610 1 |a математика 
610 1 |a случайные процессы 
610 1 |a марковские процессы 
610 1 |a скачкообразные процессы 
610 1 |a независимые приращения 
610 1 |a ветвящиеся процессы 
675 |a 519.216  |v 3 
801 1 |a RU  |b 63413507  |c 20020415  |g PSBO 
801 2 |a RU  |b 63413507  |c 20201203  |g PSBO 
942 |c BK